000 01235cam a2200361 a 4500
001 2999254
003 OSt
005 20140310182131.0
008 940203s1994 caua 001 0 eng d
010 _a 93060477
020 _a0915233924
035 _a(OCoLC)29043119
040 _aNBuBE
_cNBuBE
_dDLC
042 _alccopycat
043 _an-us-fl
050 0 0 _aGV 1853.3.F62
_b.R615 1994
082 0 0 _aHS 791.06
_bRi51 1992
100 1 _aRitz, Stacy.
_914724
245 1 0 _aDisney world and beyond :
_bthe ultimate family guidebook /
_cStacy Ritz ; Ray Riegert, executive editor ; Leslie Henriques, production director ; Glenn Kim, illustrator.
250 _a2nd ed.
260 _aBerkeley, CA :
_bUlysses Press,
_cc1994.
300 _a270 p. :
_bill. ;
_c23 cm.
521 _a
526 _c
650 0 _aFamily recreation
_zFlorida
_zOrlando Region
_xGuidebooks.
_914725
651 0 _aWalt Disney World (Fla.)
_xGuidebooks.
_914726
651 0 _aEPCOT Center (Fla.)
_xGuidebooks.
_914727
651 0 _aOrlando (Fla.)
_xGuidebooks.
_914728
906 _a7
_bcbc
_ccopycat
_d2
_eopcn
_f19
_gy-gencatlg
942 _2lcc
_cHS
_k
999 _c9698
_d9698